[Event "Mittelfranken-chTB2b 1718"]
[Site "Mittelfranken"]
[Date "2017.11.19"]
[Round "3.6"]
[White "Lenz, Harald"]
[Black "Ruderer, Thomas"]
[Result "1/2-1/2"]
[WhiteElo "1757"]
[BlackElo "1671"]
[PlyCount "32"]
[EventDate "2017.10.08"]
[EventType "team-tourn"]
[EventRounds "9"]
[EventCountry "GER"]
[SourceTitle "EXT 2022"]
[Source "ChessBase"]
[SourceDate "2021.10.06"]
[SourceVersion "1"]
[SourceVersionDate "2021.10.06"]
[SourceQuality "1"]
[WhiteTeam "Nuernberg Noris Tarrasch IV"]
[BlackTeam "Heideck/Hilpoltstein"]
[WhiteTeamCountry "GER"]
[BlackTeamCountry "GER"]

1. d4 d6 2. c4 g6 3. Nc3 Bg7 4. Nf3 Nf6 5. e4 Nbd7 6. Be2 c5 7. d5 Ng4 8. 0-0 0-0 9. Qc2 Nge5 10. Nxe5 Nxe5 11. Be3 Ng4 12. Bxg4 Bxg4 13. Qd2 Bd7 14. Bh6 f6 15. Ne2 Qe8 16. Ng3 Bxh6 1/2-1/2

[Event "Nuremberg Zabo op 13th"]
[Site "Nuremberg"]
[Date "2011.09.18"]
[Round "4"]
[White "Eifler, Nele"]
[Black "Lenz, Harald"]
[Result "0-1"]
[WhiteElo "1457"]
[BlackElo "1795"]
[PlyCount "106"]
[EventDate "2011.09.16"]
[EventType "swiss"]
[EventRounds "5"]
[EventCountry "GER"]
[SourceTitle "EXT 2013"]
[Source "ChessBase"]
[SourceDate "2012.11.22"]
[SourceVersion "1"]
[SourceVersionDate "2012.11.22"]
[SourceQuality "1"]

1. e4 c6 2. d4 d5 3. e5 Bf5 4. Bd3 Bxd3 5. Qxd3 e6 6. Nf3 h6 7. Be3 Nd7 8. Nbd2 Qb6 9. Nb3 Ne7 10. c4 dxc4 11. Qxc4 Nd5 12. 0-0 Be7 13. Rac1 0-0 14. Qc2 Qc7 15. Qd2 Rfe8 16. h3 Nf8 17. Nh2 Ng6 18. f4 Bb4 19. Qe2 Nxe3 20. Qxe3 Ne7 21. g4 Nd5 22. Qg3 f6 23. g5 fxg5 24. fxg5 hxg5 25. Qxg5 Rf8 26. h4 Be7 27. Qg3 Rxf1+ 28. Rxf1 Rf8 29. h5 Rxf1+ 30. Nxf1 Bf8 31. h6 b6 32. Qg4 Qf7 33. Nbd2 Kh7 34. Ne4 gxh6 35. Nfg3 Qg6 36. Qxg6+ Kxg6 37. Kf2 a5 38. Ke2 Be7 39. Nd6 Bg5 40. Nf1 h5 41. Kf3 Bc1 42. b3 Bg5 43. Nc4 Bd8 44. Nfe3 Nxe3 45. Nxe3 b5 46. a4 Bb6 47. Ke4 bxa4 48. bxa4 Kg5 49. Ng2 h4 50. Nf4 Kg4 51. Nxe6 Kg3 52. Ke3 h3 53. Ng5 Bxd4+ 0-1

[Event "Nuremberg Zabo op 07th"]
[Site "Nuremberg"]
[Date "2005.09.25"]
[Round "5"]
[White "Lenz, Harald"]
[Black "Walch, Roger"]
[Result "1-0"]
[WhiteElo "1777"]
[BlackElo "1583"]
[PlyCount "77"]
[EventDate "2005.09.23"]
[EventType "swiss"]
[EventRounds "5"]
[EventCountry "GER"]
[SourceTitle "EXT 2012"]
[Source "ChessBase"]
[SourceDate "2011.11.24"]
[SourceVersion "1"]
[SourceVersionDate "2011.11.24"]
[SourceQuality "1"]

1. d4 d5 2. Nf3 Nf6 3. c4 c6 4. e3 e6 5. Nc3 Nbd7 6. Be2 Bd6 7. c5 Bc7 8. Bd2 0-0 9. 0-0 Re8 10. b4 a6 11. a4 e5 12. h3 e4 13. Nh2 Nf8 14. b5 Bb8 15. f4 exf3 16. Nxf3 Ng6 17. bxc6 bxc6 18. Bd3 Ne4 19. Qc1 Qc7 20. Ne2 Nh4 21. Bxe4 Rxe4 22. Nf4 Nxf3+ 23. Rxf3 Qe7 24. Qe1 Kh8 25. Qf2 f5 26. h4 g6 27. g3 Bc7 28. Rb1 a5 29. g4 Bxf4 30. Rxf4 Rxf4 31. exf4 Qe4 32. Re1 Qd3 33. Re8+ Kg7 34. g5 Rb8 35. Re3 Rb1+ 36. Kg2 Qa6 37. Re1 Rb3 38. Re7+ Kf8 39. Qe1 1-0